Vplyv prídavkov sorpčných materiálov na katiónovú výmennú kapacitu pôd

Gespeichert in:
Bibliographische Detailangaben
1. Verfasser: Haver, Márta (Verfasst von)
Weitere Verfasser: Sirotiak, Maroš (Betreuung Doktorarbeit)
Format: Manuskript Buch
Sprache:Slowakisch
Veröffentlicht: 2025
Schlagworte:
Online-Zugang:http://is.stuba.sk/zp/portal_zp.pl?podrobnosti=183725
Tags: Tag hinzufügen
Keine Tags, Fügen Sie das erste Tag hinzu!

MARC

LEADER 00000ntm a22000003a 4500
001 stuzp105518
003 SK-STU
005 20250614213855.5
007 ta
008 150427s2015----xo-----f-mn---000-0-slo-d
040 |a STU  |b slo 
041 0 |a slo 
100 1 |a Haver, Márta  |u 065000  |4 aut  |U MTF Materiálovotechnologická fakulta  |T MTF Ústav integrovanej bezpečnosti  |X 110279  |U M5000  |Y 85  |7 110279 
242 0 1 |a The effect of the addition of sorption materials on the cation exchange capacity of soils  |y eng 
245 1 0 |a Vplyv prídavkov sorpčných materiálov na katiónovú výmennú kapacitu pôd 
260 |c 2025 
650 4 |a contamination  |2 eng 
650 4 |a remediation  |2 eng 
650 4 |a attenuation  |2 eng 
650 4 |a cation exchange capacity  |2 eng 
650 4 |a illite  |2 eng 
650 4 |a bentonite  |2 eng 
650 4 |a sorption materials  |2 eng 
650 4 |a illit  |2 slo 
650 4 |a kontaminácia  |2 slo 
650 4 |a remediácia  |2 slo 
650 4 |a atenuácia  |2 slo 
650 4 |a bentonit  |2 slo 
650 4 |a sorpčné materiály  |2 slo 
650 4 |a katiónová výmenná kapacita  |2 slo 
700 1 |a Sirotiak, Maroš  |u 065100  |k Z1  |4 ths  |U MTF Ústav integrovanej bezpečnosti  |T MTF Katedra environmentálneho inžinierstva  |X 3580  |U M5100  |Y 194  |7 A000003580 
856 4 |u http://is.stuba.sk/zp/portal_zp.pl?podrobnosti=183725 
996 |c M* DP-15541  |l MMSKP  |s P  |a 0  |w stuzp105518_0001